Normal view MARC view
  • Ethics, Business.

Entry Topical Term

Number of records used in: 2

001 - CONTROL NUMBER

  • control field: 4382

003 - CONTROL NUMBER IDENTIFIER

  • control field: NUST

005 - DATE AND TIME OF LATEST TRANSACTION

  • control field: 20170829110049.0

008 - FIXED-LENGTH DATA ELEMENTS

  • fixed length control field: 170829|| aca||aabn | a|a d

040 ## - CATALOGING SOURCE

  • Original cataloging agency: NUST
  • Transcribing agency: NUST

150 ## - HEADING--TOPICAL TERM

  • Topical term or geographic name entry element: Ethics, Business.

670 ## - SOURCE DATA FOUND

  • Source citation: Work cat.: (NUST)0: Johnson, Craig E. (Craig Edward), 1952- 4379, Organizational ethics :, c2012.
© 2023 Central Library, National University of Sciences and Technology. All Rights Reserved.